South Bucks DC v Porter; Wrexham CBC v Berry; Chichester DC v Searle and others (Record no. 72850)

MARC details
000 -LEADER
fixed length control field 01828cam a2200277 4500
001 - CONTROL NUMBER
control field ABS66831
008 - FIXED-LENGTH DATA ELEMENTS--GENERAL INFORMATION
fixed length control field 030613n2003 000 0 eng u
035 ## - SYSTEM CONTROL NUMBER
System control number (Sirsi) u122590
245 ## - TITLE STATEMENT
Title South Bucks DC v Porter; Wrexham CBC v Berry; Chichester DC v Searle and others
260 ## - PUBLICATION, DISTRIBUTION, ETC.
Date of publication, distribution, etc. 2003
490 ## - SERIES STATEMENT
Series statement Weekly Law Reports
Volume/sequential designation [2003] 2 WLR 1547-1585(39)
520 ## - SUMMARY, ETC.
Summary, etc. [2003] UKHL 26, 22 May 2003. Appeals in three cases by local planning authorities challenging the guidance on the grant of injunctions under the Town Country Planning Act 1990 s187b ([2001] EWCA Civ 1549, Abs65647). The respondents were gypsies living on land without planning permission and in each case the local authorities were granted injunctions to restrain a breach of planning control. The gypsies appealed and won on the grounds that the judge had failed to consider the issue of proportionality and was in breach of the Human Rights Act 1998 s6(1). Held: appeals dismissed. The jurisdiction to grant an injunction under s187b was an original, not a supervisory injunction and the decision to grant an injunction was not proportionate because it failed to consider any personal hardship which would result. View judgment at www.parliament.the-stationary-office.co.uk.
590 ## - LOCAL NOTE (RLIN)
Local note ABS
650 ## - SUBJECT ADDED ENTRY--TOPICAL TERM
Topical term or geographic name entry element GYPSIES
650 ## - SUBJECT ADDED ENTRY--TOPICAL TERM
Topical term or geographic name entry element INJUNCTION
650 ## - SUBJECT ADDED ENTRY--TOPICAL TERM
Topical term or geographic name entry element BREACH OF PLANNING CONTROL
650 ## - SUBJECT ADDED ENTRY--TOPICAL TERM
Topical term or geographic name entry element PROPORTIONALITY
650 ## - SUBJECT ADDED ENTRY--TOPICAL TERM
Topical term or geographic name entry element TOWN AND COUNTRY PLANNING ACT 1990 S187(B)
650 ## - SUBJECT ADDED ENTRY--TOPICAL TERM
Topical term or geographic name entry element HUMAN RIGHTS ACT 1998 S6(1)
650 ## - SUBJECT ADDED ENTRY--TOPICAL TERM
Topical term or geographic name entry element WREXHAM BC V BERRY
650 ## - SUBJECT ADDED ENTRY--TOPICAL TERM
Topical term or geographic name entry element SOUTH BUCKS DC V PORTER
650 ## - SUBJECT ADDED ENTRY--TOPICAL TERM
Topical term or geographic name entry element CHICHESTER DC V SEARLE AND OTHERS
690 ## - LOCAL SUBJECT ADDED ENTRY--TOPICAL TERM (OCLC, RLIN)
Topical term or geographic name as entry element Planning and development
9 (RLIN) 6259
856 ## - ELECTRONIC LOCATION AND ACCESS
Uniform Resource Identifier <a href="https://www.parliament.the-stationery-office.co.uk/pa/ld200203/ldjudgmt/jd030522/wrex-1.htm">https://www.parliament.the-stationery-office.co.uk/pa/ld200203/ldjudgmt/jd030522/wrex-1.htm</a>
Public note View judgment on the UK Parliament website...
942 ## - ADDED ENTRY ELEMENTS (KOHA)
Suppress in OPAC 0
Holdings
Withdrawn status Lost status Source of classification or shelving scheme Damaged status Not for loan Home library Current library Shelving location Date acquired Total Checkouts Full call number Barcode Date last seen Copy number Price effective from Koha item type
    Dewey Decimal Classification     London London Journal article 13/06/2003   ABS66831 122590-1001 06/08/2019 1 06/08/2019 Law report